| 000 | 00855nam a22002531u 4500 | ||
|---|---|---|---|
| 001 | 05464 | ||
| 003 | HDC | ||
| 007 | cr bn ---aaaaa | ||
| 008 | 210120p2001 | d 00 engg | ||
| 040 | _aHDC | ||
| 100 |
_aWeiswasser, Elizabeth S. _eauthor _95702 |
||
| 245 | 0 |
_aGenetically modified foods raise new legal issues / by _cElizabeth S. Weiswasser |
|
| 260 |
_a[no place] : _b NLP IP COMPANy, _c2001 |
||
| 300 | _a 1 online resource (2 pages) | ||
| 336 |
_atext _2rdacontent |
||
| 337 |
_acomputer _2rdamedia |
||
| 338 |
_aonline resource _2rdacarrier |
||
| 650 |
_afood _91783 |
||
| 650 |
_aLegal issue _95703 |
||
| 856 | _zRequest full-text at [email protected] | ||
| 942 | _2lcc | ||
| 942 | _cAR | ||
| 942 | _kJART 001391 | ||
| 999 |
_c2788 _d2788 |
||